000 00370nam a2200121Ia 4500
008 180219s9999 xx 000 0 und d
020 _a9814057312
100 _aEdge, Raymond S.
245 _cGroves, John Randall
_aEthics of healthcare :
_ba guide for clinical practice
250 _a2nd ed
260 _aSan Juan City :
_bC & E Publishing
_c1999
300 _ax, 303 pages
999 _c355943
_d355943